000
00254 a2200097 4500
020
_a
9788171309481
100
_a
M. Mukundan
245
_a
Kesavante vilapangal(കേശവൻെറ വിലാപങ്ങൾ)
260
_b
D C books
_c
2024
942
_c
OO
999
_c
115322
_d
115321